Vista normal Vista MARC

Entrada Topical Term

Número de registros utilizados en: 1

001 - CONTROL NUMBER

  • control field: 35913

003 - CONTROL NUMBER IDENTIFIER

  • control field: OSt

005 - DATE AND TIME OF LATEST TRANSACTION

  • control field: 20210311085614.0

008 - FIXED-LENGTH DATA ELEMENTS

  • fixed length control field: 210311|| aca||aabn | a|a d

040 ## - CATALOGING SOURCE

  • Original cataloging agency: OSt
  • Transcribing agency: OSt

150 ## - HEADING--TOPICAL TERM

  • Topical term or geographic name entry element: Ingeniería mexicana
  • General subdivision: historia

670 ## - SOURCE DATA FOUND

  • Source citation: Work cat.: (OSt): Dirac Ingenieros consultores 35909, 60 años participando en el desarrollo de la infraestructura de México / , 2016